| 000 | 00732nam a2200253Ia 4500 | ||
|---|---|---|---|
| 003 | OSt | ||
| 005 | 20220928102154.0 | ||
| 006 | a|||||r|||| 00| 0 | ||
| 007 | ta | ||
| 008 | 220927b |||||||| |||| 00| 0 eng d | ||
| 020 | _c200 | ||
| 024 | _a109221 | ||
| 037 |
_b1202, 13/09/2010, Kiran Book Service _cTextual |
||
| 040 |
_aSDCL _cSDCL _beng |
||
| 041 |
_2eng _aeng |
||
| 082 | _aO152,3N633x, Q0 | ||
| 100 |
_aSharma Oma _9396947 |
||
| 245 | 0 | _aShubharambh aur anya kahaniya. | |
| 260 |
_aNew Delhi _bSamayik Prakashan _c2010 |
||
| 300 |
_a144p. _ccm. |
||
| 650 |
_aHindi _9391598 |
||
| 942 |
_hO152,3N633x, Q0 _cTEXL _2CC |
||
| 999 |
_c712709 _d712709 |
||